[Event "POL Youth-ch U20 Girls 2020"]
[Site "Pokrzywna"]
[Date "2020.12.03"]
[Round "6.7"]
[White "Cieslak, Wiktoria"]
[Black "Starosta, Martyna"]
[Result "1-0"]
[WhiteElo "2008"]
[BlackElo "2094"]
[Annotator "ChessBase"]
[PlyCount "83"]
[EventDate "2020.11.29"]
[EventType "swiss"]
[EventCountry "POL"]
[SourceTitle "playchess.com"]
[Source "ChessBase"]
[SourceQuality "1"]
[TimeControl "40/5400+30:1800+30"]

1. e4 {[%emt 0:00:00]} c5 {[%emt 0:00:00]} 2. Nf3 {[%emt 0:00:00]} d6 {[%emt 0:00:00]} 3. d4 {[%emt 0:00:00]} cxd4 {[%emt 0:00:00]} 4. Nxd4 {[%emt 0:00:00]} Nf6 {[%emt 0:00:00]} 5. Nc3 {[%emt 0:00:00]} a6 {[%emt 0:00:00]} 6. Bg5 {[%emt 0:00:14]} e6 {[%emt 0:00:03]} 7. f4 {[%emt 0:00:04]} h6 {[%emt 0:00:05]} 8. Bh4 {[%emt 0:01:32]} Be7 {[%emt 0:00:11]} 9. Bf2 {[%emt 0:00:24]} Qc7 {[%emt 0:09:40]} 10. Qe2 {[%emt 0:05:39]} Nbd7 {[%emt 0:03:44]} 11. O-O-O {[%emt 0:04:11]} b5 {[%emt 0:03:03]} 12. f5 {[%emt 0:09:49]} e5 {[%emt 0:09:58]} 13. Nb3 {[%emt 0:05:06]} Bb7 {[%emt 0:05:41]} 14. g4 {[%emt 0:03:54]} Nb6 {[%emt 0:11:11]} 15. Bxb6 {[%emt 0:02:53]} Qxb6 {[%emt 0:00:11]} 16. Bg2 {[%emt 0:00:32]} Rc8 {[%emt 0:05:11]} 17. h4 {[%emt 0:01:59]} b4 {[%emt 0:03:48]} 18. Nd5 {[%emt 0:00:43]} Bxd5 {[%emt 0:00:59]} 19. exd5 {[%emt 0:00:07]} h5 {[%emt 0:07:24]} 20. g5 {[%emt 0:02:04]} Ng4 {[%emt 0:01:14]} 21. Rhe1 {[%emt 0:00:09]} O-O {[%emt 0:07:42]} 22. Bf3 {[%emt 0:01:23]} Nf2 {[%emt 0:06:21]} 23. Rd2 {[%emt 0:01:06]} Nh3 {[%emt 0:00:15]} 24. f6 {[%emt 0:04:56]} Nf4 {[%emt 0:05:18]} 25. Qe4 {[%emt 0:02:20]} Bd8 {[%emt 0:02:07]} 26. fxg7 {[%emt 0:00:46]} Kxg7 {[%emt 0:03:40]} 27. Qf5 {[%emt 0:02:54]} Rc4 {[%emt 0:03:08]} 28. Be4 {[%emt 0:02:16]} Ng6 {[%emt 0:02:29]} 29. Rf2 {[%emt 0:06:18]} Be7 {[%emt 0:02:26]} 30. Nd2 {[%emt 0:03:26]} Rc7 {[%emt 0:01:20]} 31. Nf1 {[%emt 0:03:00]} Qa5 {[%emt 0:02:25]} 32. Re3 {[%emt 0:02:48]} Qxa2 {[%emt 0:01:27]} 33. Ng3 {[%emt 0:00:22]} Rc4 {[%emt 0:02:50]} 34. Nxh5+ {[%emt 0:00:50]} Kh8 {[%emt 0:00:03]} 35. Nf6 {[%emt 0:00:49]} Qa1+ {[%emt 0:00:56]} 36. Kd2 {[%emt 0:00:04]} Qxb2 {[%emt 0:00:22]} 37. h5 {[%emt 0:00:21]} Rd4+ {[%emt 0:01:18]} 38. Rd3 {[%emt 0:00:44]} Qc3+ {[%emt 0:00:58]} 39. Kd1 {[%emt 0:01:11]} Qa1+ {[%emt 0:00:57]} 40. Ke2 {[%emt 0:00:00]} Bxf6 {[%emt 0:00:00]} 41. Qxf6+ {[%emt 0:02:53]} Kg8 {[%emt 0:00:58]} 42. Bxg6 {[%emt 0:00:14]} 1-0

[Event "POL Youth-ch U20 Girls 2020"]
[Site "Pokrzywna"]
[Date "2020.12.03"]
[Round "6.8"]
[White "Marcinczyk, Monika"]
[Black "Czernikowska, Laura"]
[Result "1-0"]
[WhiteElo "2030"]
[BlackElo "1508"]
[Annotator "ChessBase"]
[PlyCount "59"]
[EventDate "2020.11.29"]
[EventType "swiss"]
[EventCountry "POL"]
[SourceTitle "playchess.com"]
[Source "ChessBase"]
[SourceQuality "1"]
[TimeControl "40/5400+30:1800+30"]

1. e4 {[%emt 0:00:00]} c5 {[%emt 0:00:00]} 2. Nf3 {[%emt 0:00:00]} e6 {[%emt 0:00:00]} 3. d4 {[%emt 0:00:00]} cxd4 {[%emt 0:00:00]} 4. Nxd4 {[%emt 0:00:00]} Nf6 {[%emt 0:00:15]} 5. Nc3 {[%emt 0:00:00]} Nc6 {[%emt 0:00:08]} 6. Ndb5 {[%emt 0:05:34]} Bb4 {[%emt 0:01:31]} 7. a3 {[%emt 0:00:36]} Bxc3+ {[%emt 0:00:33]} 8. Nxc3 {[%emt 0:00:12]} d5 {[%emt 0:01:53]} 9. exd5 {[%emt 0:01:09]} Nxd5 {[%emt 0:01:04]} 10. Nxd5 {[%emt 0:01:21]} Qxd5 {[%emt 0:01:13]} 11. Qxd5 {[%emt 0:05:48]} exd5 {[%emt 0:00:04]} 12. Be3 {[%emt 0:06:45]} O-O {[%emt 0:03:35]} 13. Rd1 {[%emt 0:08:49]} Be6 {[%emt 0:02:51]} 14. f4 {[%emt 0:12:52]} Rfe8 {[%emt 0:03:39]} 15. Kf2 {[%emt 0:00:47]} Rac8 {[%emt 0:02:07]} 16. c3 {[%emt 0:03:46]} b6 {[%emt 0:04:18]} 17. Bb5 {[%emt 0:08:20]} Red8 {[%emt 0:03:55]} 18. Bd4 {[%emt 0:08:38]} Nxd4 {[%emt 0:04:17]} 19. Rxd4 {[%emt 0:00:12]} Rc5 {[%emt 0:02:11]} 20. Be2 {[%emt 0:03:52]} Kf8 {[%emt 0:12:09]} 21. Rhd1 {[%emt 0:01:11]} Rdc8 {[%emt 0:06:24]} 22. g4 {[%emt 0:03:53]} g6 {[%emt 0:06:32]} 23. Kg3 {[%emt 0:02:21]} Ke7 {[%emt 0:03:53]} 24. h4 {[%emt 0:05:40]} f5 {[%emt 0:04:51]} 25. g5 {[%emt 0:00:56]} R8c7 {[%emt 0:05:57]} 26. Re1 {[%emt 0:03:47]} Kf7 {[%emt 0:02:57]} 27. Bf3 {[%emt 0:01:51]} Rb5 {[%emt 0:07:07]} 28. b4 {[%emt 0:01:41]} Rc4 {[%emt 0:01:46]} 29. Rxc4 {[%emt 0:00:36]} dxc4 {[%emt 0:00:08]} 30. a4 {[%emt 0:00:09]} 1-0

[Event "POL Youth-ch U20 Girls 2020"]
[Site "Pokrzywna"]
[Date "2020.12.03"]
[Round "6.9"]
[White "Budkiewicz, Magdalena"]
[Black "Smietanska, Wiktoria"]
[Result "1/2-1/2"]
[WhiteElo "1672"]
[BlackElo "2013"]
[Annotator "RC"]
[PlyCount "71"]
[EventDate "2020.11.29"]
[EventType "swiss"]
[EventCountry "POL"]
[SourceTitle "playchess.com"]
[Source "ChessBase"]
[SourceQuality "1"]
[TimeControl "40/5400+30:1800+30"]

1. e4 {[%emt 0:00:00]} c5 {[%emt 0:00:00]} 2. Nf3 {[%emt 0:00:00]} g6 {[%emt 0:00:00]} 3. d4 {[%emt 0:00:11]} cxd4 {[%emt 0:00:00]} 4. Nxd4 {[%emt 0:00:11]} Nc6 {[%emt 0:00:00]} 5. Nc3 {[%emt 0:03:40]} Bg7 {[%emt 0:00:09]} 6. Be3 {[%emt 0:00:26]} Nf6 {[%emt 0:00:13]} 7. Bc4 {[%emt 0:00:55]} Qa5 {[%emt 0:00:14]} 8. O-O {[%emt 0:00:43]} O-O {[%emt 0:00:22]} 9. Bb3 {[%emt 0:01:47]} d6 {[%emt 0:00:54]} 10. h3 {[%emt 0:01:41]} Bd7 {[%emt 0:03:30]} 11. Kh1 {[%emt 0:02:52]} Qh5 {[%emt 0:09:34]} 12. Qxh5 {[%emt 0:06:43]} Nxh5 {[%emt 0:00:08]} 13. Rad1 {[%emt 0:03:17]} Rfd8 {[%emt 0:08:22]} 14. Nd5 {[%emt 0:04:48]} Nf6 {[%emt 0:02:59]} 15. Nxf6+ {[%emt 0:05:39]} Bxf6 {[%emt 0:00:09]} 16. c3 {[%emt 0:02:39]} Na5 {[%emt 0:03:35]} 17. Bc2 {[%emt 0:00:54]} Nc4 {[%emt 0:03:00]} 18. Bc1 {[%emt 0:02:14]} b5 {[%emt 0:06:28]} 19. Bd3 {[%emt 0:12:42]} a6 {[%emt 0:02:27]} 20. f4 {[%emt 0:10:01]} Rdc8 {[%emt 0:05:02]} 21. Rfe1 {[%emt 0:02:50]} Rab8 {[%emt 0:17:22]} 22. Nf3 {[%emt 0:05:51]} Bc6 {[%emt 0:05:20]} 23. Bxc4 {[%emt 0:03:36]} bxc4 {[%emt 0:00:11]} 24. Nd4 {[%emt 0:00:28]} Ba4 {[%emt 0:02:27]} 25. Rd2 {[%emt 0:00:45]} Bh4 {[%emt 0:04:26]} 26. Rf1 {[%emt 0:02:02]} Rc5 {[%emt 0:11:44]} 27. Kh2 {[%emt 0:12:54]} Bf6 {[%emt 0:01:05]} 28. Nf3 {[%emt 0:00:45]} Bc6 {[%emt 0:01:30]} 29. Re2 {[%emt 0:00:53]} Ra5 {[%emt 0:01:39]} 30. a3 {[%emt 0:00:27]} Rab5 {[%emt 0:04:42]} 31. Rd1 {[%emt 0:01:19]} Kf8 {[%emt 0:04:53]} 32. Nd4 {[%emt 0:02:17]} Bxd4 {[%emt 0:00:21]} 33. Rxd4 {[%emt 0:02:11]} d5 {[%emt 0:00:14]} 34. e5 {[%emt 0:01:11]} e6 {[%emt 0:02:24]} 35. g4 {[%emt 0:01:22]} Ke7 {[%emt 0:01:00]} 36. g5 {[%emt 0:03:25]} 1/2-1/2

[Event "POL Youth-ch U20 Girls 2020"]
[Site "Pokrzywna"]
[Date "2020.12.03"]
[Round "6.10"]
[White "Szczotka, Klara"]
[Black "Pawicka, Magdalena"]
[Result "1-0"]
[WhiteElo "1928"]
[BlackElo "1762"]
[Annotator "RC"]
[PlyCount "91"]
[EventDate "2020.11.29"]
[EventType "swiss"]
[EventCountry "POL"]
[SourceTitle "playchess.com"]
[Source "ChessBase"]
[SourceQuality "1"]
[TimeControl "40/5400+30:1800+30"]

1. e4 {[%emt 0:00:00]} c5 {[%emt 0:00:00]} 2. Nf3 {[%emt 0:00:00]} d6 {[%emt 0:00:00]} 3. Bb5+ {[%emt 0:00:00]} Bd7 {[%emt 0:00:00]} 4. Bxd7+ {[%emt 0:00:00]} Qxd7 {[%emt 0:00:04]} 5. c4 {[%emt 0:00:09]} Nf6 {[%emt 0:02:25]} 6. Nc3 {[%emt 0:00:26]} g6 {[%emt 0:00:55]} 7. d4 {[%emt 0:01:19]} cxd4 {[%emt 0:02:41]} 8. Nxd4 {[%emt 0:00:23]} Bg7 {[%emt 0:01:39]} 9. f3 {[%emt 0:01:05]} Nc6 {[%emt 0:04:08]} 10. Be3 {[%emt 0:01:09]} O-O {[%emt 0:01:32]} 11. O-O {[%emt 0:02:08]} Rac8 {[%emt 0:05:54]} 12. b3 {[%emt 0:01:50]} a6 {[%emt 0:09:15]} 13. a4 {[%emt 0:04:03]} e6 {[%emt 0:02:25]} 14. Nxc6 {[%emt 0:12:27]} bxc6 {[%emt 0:03:30]} 15. Qd2 {[%emt 0:04:06]} d5 {[%emt 0:04:13]} 16. cxd5 {[%emt 0:03:14]} cxd5 {[%emt 0:01:32]} 17. e5 {[%emt 0:03:33]} Ne8 {[%emt 0:01:08]} 18. Bd4 {[%emt 0:00:34]} f6 {[%emt 0:04:39]} 19. f4 {[%emt 0:02:11]} fxe5 {[%emt 0:02:32]} 20. fxe5 {[%emt 0:00:11]} Rxf1+ {[%emt 0:01:43]} 21. Rxf1 {[%emt 0:01:14]} Bf8 {[%emt 0:00:28]} 22. Qf4 {[%emt 0:03:43]} Ng7 {[%emt 0:01:13]} 23. g4 {[%emt 0:00:50]} Bb4 {[%emt 0:01:43]} 24. Rf3 {[%emt 0:02:52]} Qe7 {[%emt 0:04:18]} 25. Kg2 {[%emt 0:27:04]} Bc5 {[%emt 0:01:01]} 26. Ne2 {[%emt 0:01:05]} Bxd4 {[%emt 0:05:51]} 27. Nxd4 {[%emt 0:00:17]} Rc7 {[%emt 0:17:17]} 28. Qf6 {[%emt 0:04:27]} Qe8 {[%emt 0:01:57]} 29. Qg5 {[%emt 0:02:44]} Rf7 {[%emt 0:03:25]} 30. Qc1 {[%emt 0:03:46]} Rxf3 {[%emt 0:00:21]} 31. Nxf3 {[%emt 0:00:07]} h5 {[%emt 0:04:56]} 32. h3 {[%emt 0:00:21]} hxg4 {[%emt 0:01:21]} 33. hxg4 {[%emt 0:00:03]} Qb8 {[%emt 0:00:32]} 34. Qc3 {[%emt 0:00:32]} Ne8 {[%emt 0:02:06]} 35. Qc6 {[%emt 0:03:45]} Nc7 {[%emt 0:01:40]} 36. Kg3 {[%emt 0:00:48]} Kf8 {[%emt 0:03:29]} 37. b4 {[%emt 0:01:44]} Qd8 {[%emt 0:02:04]} 38. Nd4 {[%emt 0:01:24]} Ke7 {[%emt 0:01:19]} 39. Qb6 {[%emt 0:01:41]} Qd7 {[%emt 0:00:40]} 40. Qb7 {[%emt 0:00:00]} Ke8 {[%emt 0:00:00]} 41. b5 {[%emt 0:03:15]} axb5 {[%emt 0:03:07]} 42. axb5 {[%emt 0:00:11]} Qd8 {[%emt 0:08:48]} 43. b6 {[%emt 0:04:08]} Na8 {[%emt 0:00:10]} 44. Nc6 {[%emt 0:00:15]} Qg5 {[%emt 0:00:40]} 45. Qxa8+ {[%emt 0:00:09]} Kf7 {[%emt 0:00:29]} 46. Qa3 {[%emt 0:01:36]} 1-0

[Event "POL Youth-ch U20 Girls 2020"]
[Site "Pokrzywna"]
[Date "2020.12.03"]
[Round "6.11"]
[White "Furtak, Joanna"]
[Black "Zabrzanska, Weronika"]
[Result "1/2-1/2"]
[WhiteElo "1837"]
[BlackElo "1849"]
[Annotator "NA"]
[PlyCount "61"]
[EventDate "2020.11.29"]
[EventType "swiss"]
[EventCountry "POL"]
[SourceTitle "playchess.com"]
[Source "ChessBase"]
[SourceQuality "1"]
[TimeControl "40/5400+30:1800+30"]

1. e4 {[%emt 0:00:00]} c5 {[%emt 0:00:00]} 2. Nf3 {[%emt 0:00:00]} e6 {[%emt 0:00:00]} 3. d4 {[%emt 0:00:00]} cxd4 {[%emt 0:00:00]} 4. Nxd4 {[%emt 0:00:00]} Nc6 {[%emt 0:00:00]} 5. Nc3 {[%emt 0:00:00]} Nf6 {[%emt 0:00:00]} 6. g3 {[%emt 0:00:24]} Be7 {[%emt 0:00:11]} 7. Bg2 {[%emt 0:00:20]} d5 {[%emt 0:01:01]} 8. exd5 {[%emt 0:02:10]} exd5 {[%emt 0:03:35]} 9. h3 {[%emt 0:05:59]} O-O {[%emt 0:03:47]} 10. O-O {[%emt 0:00:34]} Qb6 {[%emt 0:17:15]} 11. Nb3 {[%emt 0:11:29]} Rd8 {[%emt 0:00:55]} 12. Qe2 {[%emt 0:03:35]} Be6 $11 {[%emt 0:03:21]} (12... d4 $5 {[%cal Rd4c3]} 13. Ne4 Bf5 $11) 13. Rd1 {[%emt 0:06:55]} d4 {[%emt 0:06:09]} 14. Ne4 {[%emt 0:02:24]} Nxe4 {[%emt 0:01:46]} 15. Bxe4 {[%emt 0:01:26]} Bxh3 {[%emt 0:08:21]} 16. Qh5 {[%emt 0:06:35]} f5 {[%emt 0:01:09]} 17. Qxh3 {[%emt 0:00:52]} fxe4 {[%emt 0:00:07]} 18. Qe6+ {[%emt 0:00:04]} Kh8 {[%emt 0:00:06]} 19. Qxe4 {[%emt 0:00:04]} Bf6 {[%emt 0:01:23]} 20. Bf4 {[%emt 0:03:41]} Re8 {[%emt 0:04:16]} 21. Qf5 {[%emt 0:01:33]} Nb4 {[%emt 0:01:38]} 22. Qc5 {[%emt 0:13:14]} Rac8 {[%emt 0:02:45]} 23. Qxb6 {[%emt 0:03:12]} axb6 {[%emt 0:00:05]} 24. Nxd4 {[%emt 0:06:09]} Bxd4 {[%emt 0:00:26]} 25. c3 {[%emt 0:00:03]} Bxc3 {[%emt 0:03:51]} 26. bxc3 {[%emt 0:00:11]} Rxc3 {[%emt 0:00:10]} 27. Bd2 {[%emt 0:13:21]} Rc4 {[%emt 0:00:46]} 28. Bxb4 {[%emt 0:00:46]} Rxb4 {[%emt 0:00:07]} 29. Rd7 {[%emt 0:00:02]} Rb2 {[%emt 0:03:10]} 30. Rxb7 {[%emt 0:01:25]} h6 {[%emt 0:00:17]} 31. Rd1 {[%emt 0:01:13]} 1/2-1/2

[Event "POL Youth-ch U20 Girls 2020"]
[Site "Pokrzywna"]
[Date "2020.12.03"]
[Round "6.12"]
[White "Sowa, Wiktoria"]
[Black "Bukala, Weronika"]
[Result "0-1"]
[WhiteElo "2093"]
[BlackElo "1677"]
[Annotator "ChessBase"]
[PlyCount "90"]
[EventDate "2020.11.29"]
[EventType "swiss"]
[EventCountry "POL"]
[SourceTitle "playchess.com"]
[Source "ChessBase"]
[SourceQuality "1"]
[TimeControl "40/5400+30:1800+30"]

1. e4 {[%emt 0:00:00]} c5 {[%emt 0:00:02]} 2. Nf3 {[%emt 0:00:00]} Nc6 {[%emt 0:00:09]} 3. Bb5 {[%emt 0:00:00]} g6 {[%emt 0:00:33]} 4. Bxc6 {[%emt 0:00:05]} dxc6 {[%emt 0:00:10]} 5. d3 {[%emt 0:00:12]} Nf6 {[%emt 0:01:59]} 6. h3 {[%emt 0:00:12]} Bg7 {[%emt 0:04:06]} 7. Nc3 {[%emt 0:00:11]} Nd7 {[%emt 0:00:57]} 8. Be3 {[%emt 0:00:37]} e5 {[%emt 0:01:20]} 9. Qd2 {[%emt 0:00:26]} h6 {[%emt 0:00:25]} 10. a4 {[%emt 0:02:55]} a5 {[%emt 0:13:05]} 11. Ne2 {[%emt 0:01:02]} b6 {[%emt 0:03:19]} 12. c3 {[%emt 0:02:58]} f5 {[%emt 0:03:54]} 13. exf5 {[%emt 0:02:10]} gxf5 {[%emt 0:00:26]} 14. Qc2 {[%emt 0:00:58]} O-O {[%emt 0:09:07]} 15. Rd1 {[%emt 0:01:37]} Ba6 {[%emt 0:02:14]} 16. O-O {[%emt 0:01:03]} Qe7 {[%emt 0:02:45]} 17. Rfe1 {[%emt 0:01:34]} e4 {[%emt 0:13:21]} 18. dxe4 {[%emt 0:01:32]} fxe4 {[%emt 0:00:12]} 19. Nh2 {[%emt 0:00:41]} Bd3 {[%emt 0:01:11]} 20. Qc1 {[%emt 0:01:10]} Kh7 {[%emt 0:08:57]} 21. Ng4 {[%emt 0:03:29]} h5 {[%emt 0:02:11]} 22. Nh2 {[%emt 0:00:30]} c4 {[%emt 0:02:53]} 23. Nf4 {[%emt 0:03:46]} Nc5 {[%emt 0:04:16]} 24. Bxc5 {[%emt 0:09:09]} Qxc5 {[%emt 0:00:22]} 25. Nxd3 {[%emt 0:00:31]} cxd3 {[%emt 0:03:50]} 26. Rxe4 {[%emt 0:03:32]} Qxf2+ {[%emt 0:08:32]} 27. Kh1 {[%emt 0:00:06]} Bh6 {[%emt 0:01:03]} 28. Re7+ {[%emt 0:01:21]} Rf7 {[%emt 0:00:58]} 29. Rxf7+ {[%emt 0:00:12]} Qxf7 {[%emt 0:00:13]} 30. Qb1 {[%emt 0:00:26]} Rd8 {[%emt 0:01:34]} 31. Rxd3 {[%emt 0:01:23]} Qg6 {[%emt 0:01:42]} 32. Rd1 {[%emt 0:00:18]} Qxb1 {[%emt 0:00:49]} 33. Rxb1 {[%emt 0:00:01]} Rd2 {[%emt 0:00:23]} 34. Nf3 {[%emt 0:00:25]} Rd6 {[%emt 0:03:31]} 35. Re1 {[%emt 0:00:45]} Bf4 {[%emt 0:01:25]} 36. Kg1 {[%emt 0:00:45]} Bg3 {[%emt 0:01:07]} 37. Rf1 {[%emt 0:01:18]} Kg6 {[%emt 0:01:48]} 38. Nd4 {[%emt 0:01:19]} Be5 {[%emt 0:02:26]} 39. Nf5 {[%emt 0:02:42]} Re6 {[%emt 0:00:09]} 40. Nh4+ {[%emt 0:00:00]} Kh6 {[%emt 0:00:00]} 41. Re1 {[%emt 0:04:43]} Bh2+ {[%emt 0:02:11]} 42. Kxh2 {[%emt 0:01:36]} Rxe1 {[%emt 0:00:27]} 43. Nf5+ {[%emt 0:00:03]} Kg6 {[%emt 0:01:48]} 44. Nd4 {[%emt 0:00:02]} c5 {[%emt 0:00:49]} 45. Nb5 {[%emt 0:00:09]} Rb1 {[%emt 0:00:59]} 0-1

[Event "POL Youth-ch U20 Girls 2020"]
[Site "Pokrzywna"]
[Date "2020.12.04"]
[Round "7.1"]
[White "Rudzinska, Michalina"]
[Black "Parol, Pola"]
[Result "0-1"]
[WhiteElo "2189"]
[BlackElo "2069"]
[Annotator "TA"]
[PlyCount "78"]
[EventDate "2020.11.29"]
[EventType "swiss"]
[EventCountry "POL"]
[SourceTitle "playchess.com"]
[Source "ChessBase"]
[SourceQuality "1"]

{[%evp 16,78,4,0,0,8,12,12,20,12,32,4,-8,0,0,-71,-66,-73,-18,-30,-29,-87,-10,-84,-84,-80,-67,-89,-91,-94,-86,-95,-82,-102,-104,-130,-147,-182,-17,-37,0,-7,0,-306,-310,-293,-306,-745,-739,-922,-903,-1440,-1382,-29961,-1858,-1287,-1262,-29987,-1819,-29991,-2001,-2499,-1922,-29966,-6249]} 1. e4 c5 2. Nf3 d6 3. d4 cxd4 4. Nxd4 Nf6 5. Nc3 a6 6. Bg5 e6 7. f4 h6 8. Bh4 Qb6 9. a3 Be7 {B96: Sicilian Najdorf: 6 Bg5 e6 7 f4, lines other than 7...Qb6 and 7...Be7.} ({Avoid the trap} 9... Qxb2 $2 10. Na4 $18) 10. Bf2 {Threatens to win with Nxe6!} Qc7 11. Qf3 Nc6 {The position is equal.} 12. O-O-O Bd7 13. Be2 Rc8 14. Kb1 b5 {[#]} 15. Nxc6 $146 (15. g4 $11) ({Predecessor:} 15. Nb3 b4 16. axb4 Nxb4 17. Rd2 Bc6 18. Bd4 d5 19. Qg3 O-O 20. Be5 Qb6 21. Bd4 {0-1 (38) Dworakowska,J (2304)-Sebag,M (2512) Gaziantep 2012}) 15... Bxc6 $17 16. Qd3 d5 ({Better is} 16... O-O $17 {Black wants to play ...a5.} 17. Bf3 a5) 17. e5 Ne4 18. Bd4 (18. Nxe4 $11 dxe4 19. Qe3) 18... Bb7 (18... O-O $17) 19. Nxe4 (19. Bf3 $11) 19... dxe4 20. Qd2 O-O 21. c3 Bd5 22. Qe3 Qb7 23. Bb6 Rc6 24. Ba5 Bc5 25. Qg3 Bb3 26. Rde1 Qe7 $2 ({Black should try} 26... Rfc8 $19 27. Bd1 Bd5) 27. Bd1 $1 $11 {[%cal Rd1b3]} Bd5 $36 {[%mdl 2048] Black has good play.} 28. Bc2 e3 29. Bb4 $2 {[%mdl 8192]} (29. Rd1 $11) 29... Bxb4 $1 $19 30. axb4 {[#]} a5 $1 {[%mdl 512]} 31. Qxe3 $2 (31. bxa5 Qa7 32. Rxe3 (32. Kc1 $2 Qxa5 33. Qxe3 Rd8 $19) 32... Qxa5 33. c4 Rxc4 34. Ra3) 31... axb4 32. Qd3 g6 33. cxb4 Ra8 34. f5 Ba2+ (34... Qxb4 $142 35. fxe6 Ba2+ 36. Kc1 Bxe6 37. Kd1 Qxb2 38. Re3 Bf5 $1 {[%mdl 512]} 39. Ke2 Rxc2+ 40. Qd2 Rxd2+ 41. Kf3 Rf2+ 42. Kg3 Rxg2+ 43. Kh4 Rg4+ 44. Kh3 Qg2#) 35. Kc1 exf5 36. b3 Qxb4 (36... Rd8 $142 37. Kd1 Bxb3 38. Ke2 Rxd3 39. Bxd3 Qxe5+ 40. Kf3 Bd5+ 41. Kf2 Qf4+ 42. Kg1 Qd4+ 43. Kf1 Qxd3+ 44. Kg1 Rc2 45. Re8+ Kg7 46. Rg8+ Kxg8 47. h4 Rxg2#) 37. e6 Qa3+ (37... Bxb3 $142 38. exf7+ Bxf7 39. Kd1 {[#]} Rd6 $1 {[%mdl 512]} 40. Re3 Rxd3+ 41. Rxd3 Ra1+ 42. Ke2 Rxh1 43. Rd8+ Kg7 44. Rd7 Rg1 45. Rxf7+ Kxf7 46. Bb3+ Qxb3 47. Kf2 Qd1 48. g3 Qe1+ 49. Kf3 g5 50. h3 Rxg3#) 38. Kd1 Rd6 39. exf7+ Kxf7 {Weighted Error Value: White=1.51/Black=0.73} 0-1

[Event "POL Youth-ch U20 Girls 2020"]
[Site "Pokrzywna"]
[Date "2020.12.04"]
[Round "7.2"]
[White "Goraj, Barbara"]
[Black "Antolak, Julia"]
[Result "0-1"]
[WhiteElo "2078"]
[BlackElo "2313"]
[Annotator "TA"]
[PlyCount "104"]
[EventDate "2020.11.29"]
[EventType "swiss"]
[EventCountry "POL"]
[SourceTitle "playchess.com"]
[Source "ChessBase"]
[SourceQuality "1"]

{[%evp 12,104,24,5,38,37,35,0,9,9,0,0,0,0,30,0,38,-7,-26,-85,-74,-198,-190,-252,-190,-341,-239,-533,-489,-533,-523,-517,-512,-574,-566,-616,-616,-578,-606,-553,-555,-1083,-1072,-2552,-2343,-5285,-5285,-5269,-2225,-1651,-739,-29962,-29966,-29981,-29982,-29978,-29979,-29958,-2752,-5522,-29940,-5809,-1178,-29981,-1011,-29985,-964,-29986,-874,-5527,-880,-29984,-896,-771,-755,-2047,-839,-829,-823,-1790,-1785,-4829,-4829,-29994,-1123,-29986,-29987,-29987,-29988,-29988,-29989,-29987,-29988,-29981,-613]} 1. e4 c5 2. Nf3 d6 3. d4 cxd4 4. Nxd4 Nf6 5. Nc3 a6 6. f3 e6 7. Be3 h5 {B80: Sicilian Scheveningen: 6 g3 and 6 Be3, including English Attack.} 8. Qd2 Nbd7 9. O-O-O b5 {The position is equal.} 10. Kb1 Bb7 11. a3 Rc8 12. Be2 {[#]} Nb6 $146 ({Predecessor:} 12... Be7 13. Rhg1 Nb6 14. Bg5 Nbd7 15. h3 h4 16. g4 hxg3 17. Rxg3 g6 18. h4 Qb6 {½-½ (27) Daubenfeld,N (2531)-Shpakovsky,A (2533) ICCF email 2018}) 13. Rhg1 d5 14. exd5 Nfxd5 15. Ncxb5 (15. Nxd5 $11 {was the only way to keep the balance.} Nxd5 16. Nb3) 15... Be7 $17 ({Weaker is} 15... axb5 16. Bxb5+ Nd7 17. c4 $16) ({Reject} 15... Nxe3 $6 16. Qxe3 Nd5 17. Qe5 $14) 16. Nxe6 {This move loses the game for White.} (16. Na7 $17 {might work better.} Rc7 17. Bf2) 16... fxe6 $19 17. Nd4 (17. Na7 $142 Ra8 18. c4 Nxe3 19. Qxe3) 17... Qd7 18. c4 $2 (18. Rge1 {keeps fighting.}) 18... Rxc4 19. Bxc4 $2 (19. Nf5 exf5 20. Bxb6) 19... Nxc4 20. Qc2 Ncxe3 21. Qg6+ Kd8 22. Nxe6+ Kc8 23. Rc1+ Kb8 {White must now prevent ...Rh6.} 24. Qxg7 Re8 ({Not} 24... Qxe6 25. Qxh8+ Ka7 26. Qd4+ Nb6 27. Rge1 $17) 25. Nc5 Qb5 26. a4 Qb4 27. Qg6 Bxc5 28. Qxe8+ Ka7 29. Rxc5 Qxc5 30. Rc1 Qb4 (30... Qd4 $142 31. Qe4 Nc3+ $1 {[%mdl 512]} 32. Rxc3 Bxe4+ 33. fxe4 Qxe4+ {[%mdl 64] Double Attack} 34. Kc1 Nxg2 35. Rc7+ Kb8 $1 {[%mdl 512]}) 31. g4 hxg4 32. fxg4 Nc4 {[%csl Gc4][%cal Rb4b2]} 33. Qe2 Nd2+ 34. Kc2 Nb3 (34... Qd4 $142 35. Qxd2 Ne3+ 36. Qxe3 Qxe3 37. Kd1 Bf3+ {[%mdl 64] Double Attack} 38. Kc2 Be4+ 39. Kd1 Bd3 40. Rc2 Qf3+ {[%mdl 64] Double Attack} 41. Kc1 Qf1+ 42. Kd2 {[#]} Qe2+ $1 {[%mdl 576] Double Attack} 43. Kc3 Bxc2 44. Kd4 Qe4+ 45. Kc5 Bb3 46. h4 Qd5+ 47. Kb4 Qc4+ {[%mdl 64] Double Attack} 48. Ka5 Qxa4#) 35. Qf2+ Nb6 36. Re1 Qxa4 (36... Qc4+ $142 37. Kb1 Be4+ 38. Rxe4 Qxe4+ {[%mdl 64] Double Attack} 39. Ka2 Qxa4+ 40. Kb1 Qa1+ 41. Kc2 Qc1+ 42. Kd3 Qc4+ 43. Ke3 Qxg4 44. Qf7+ Nd7) 37. Re7 Nc5+ (37... Nd4+ $142 38. Kb1 Qd1+ 39. Ka2 Qb3+ 40. Ka1 Nc6 41. Rd7 Nb4 42. Kb1 Qa2+ 43. Kc1 Qa1+ 44. Kd2 Qxb2+ 45. Ke1 Qxf2+ 46. Kxf2 Nxd7 47. h4 a5 48. h5 a4 49. h6 Be4 50. g5 a3 51. Ke3 a2 52. Kxe4 a1=Q 53. h7 Qh1+ 54. Ke3 Ne5 55. Kd4 Nbc6+ 56. Kc3 Qf3+ 57. Kc2 Nb4+ 58. Kc1 Nc4 59. h8=Q Qf1#) 38. Kb1 Qd1+ 39. Ka2 Qb3+ (39... Nd3 $142 40. Rxb7+ Kxb7 41. Qg2+ Kb8 42. Qe4 a5 43. Qe8+ Kb7 44. Qf7+ Ka6 45. Qb3 Nc1+ 46. Kb1 Nxb3+ {[%mdl 64] Discovered Attack} 47. Ka2 Nd2 48. b4 Qc2+ 49. Ka3 Ndc4#) 40. Ka1 Qb4 (40... Nd3 $142 41. Qe2 Nd5) 41. Rc7 Nba4 (41... Qa4+ $142 42. Kb1 Qd1+ 43. Ka2 Qb3+ 44. Kb1 Qd1+ 45. Ka2 Nd3 46. Rxb7+ Kxb7 47. Qg2+ Kb8 48. Qe4 a5 49. Qe8+ Kb7 50. Qe7+ Ka6 51. Qe4 Nb4+ 52. Qxb4 axb4 53. h3 Nc4 54. b3 Qe2+ 55. Kb1 Qb2#) 42. Rg7 Qb6 {( -> ...Nb3+)} 43. Ka2 Qe6+ (43... Qb3+ $142 44. Ka1 Qd1+ 45. Ka2 Kb6 46. Rxb7+ Kxb7) 44. Ka1 Qe5 45. Rf7 Qd5 46. h4 Nb6 47. g5 Nd3 (47... Nb3+ $142 48. Kb1 Qd1+ 49. Ka2 Nc1+ 50. Kb1 Nd3+ {[%mdl 64] Discovered Attack} 51. Ka2 Nb4+ 52. Ka3 Qa4#) 48. Qf6 Nb4 {[%cal Rd5d1] Black mates.} 49. Rxb7+ Qxb7 50. b3 Qh1+ 51. Kb2 Qg2+ 52. Ka3 Qa2+ {Accuracy: White = 27%, Black = 60%.} 0-1